000 00262nam a2200109Ia 4500
008 201224s9999 xx 000 0 und d
100 _aMalayala Manorama
245 0 _aManorama Yearbook. 1996
260 _aKottyam
_bMalayala Manorama
300 _a798
942 _cBK
999 _c9007
_d9007